000 00802nam a22002777a 4500
001 BR8701081
003 BR-BrBNA
005 20230928092406.0
007 ta
008 230509b bl.||||| |||| 00| 0 por d
040 _aBR-BrBNA
_bpor
_cBiblioteca Nacional de Agricultura
041 _a(Por)
072 _aF04; N10
_b4490
_b3851
090 _ 4490 BR8701081
110 1 _aEmpresa de Assistencia Tecnica e Extensao Rural do Estado do Espirito Santo, Vitoria (Brasil)
245 1 _aEsterqueira, adubo bom e barato a qualquer hora
260 3 _aVitoria, ES (Brasil):
_c[nd].
300 _a7 p.
500 _aPublished after 1985
650 _aESTERCO
650 _aADUBO
650 _aTECNOLOGIA APROPRIADA
650 _aESTERQUEIRA
909 _a202309
_bLucia
_c55
_dLucia Elande
942 _cBK
999 _c38772
_d38772